LEADER 00827nam a2200217 i 4500 001 000000040839 003 CaOOAMICUS 005 20071212000000.0 008 071212s1982 it u000 u ita u 013 $a12009 040 $aSeMil$bita 100 1 $aPorro, Carlo,$d<1932- >.$0(OLS)http://semarc/name/8573 245 10$aGiovanna De' Carbonati :$bracconto /$cCarlo Porro. 260 $a[S.l. :$bs.n.],$cstampa 1982$e(Cantù :$fCavalleri,$gstampa 1982) 300 $a177 p. ;$c25 cm. 650 4$aCarbonate.$0(OLS)http://semarc/subject/8611 850 $aSeMil 852 $aSeMil$W1$xVenegono$y1$m1O V 219$j6994$B6994$CSeMilBibl$Z2$F6994 $81 961 $aOmaggio: Deposito 996 $6245$aGiovanna De' Carbonati :$bracconto$9(OLS)http://semarc/title/58852 996 $6260$a[S.l. :$bs.n.]$9(OLS)http://semarc/publisher/29751 LEADER 01348nam a2200313 4500 001 000000343624 003 CaOOAMICUS 005 20210115145928.0 008 210107s2010 it 001 u ita r 020 $a88-86593-89-9 040 $aSeMil$bita 100 1 $aChappaz, Maurice.$0(OLS)http://semarc/name/112729 240 10$aÉvangiles selon Judas.$0(OLS)http://semarc/title/432634 245 10$aVangelo secondo Giuda /$cMaurice Chappaz ; traduzione di Flavio Santi ; Prefazione di Alessandro Zaccuri. 264 1$aVerbania :$bTararà,$c2010. 300 $aVIII, 162 p. ;$c18 cm 490 1 $aDi monte in monte ;$v38 541 0 $aFondo mons. Pasquale Macchi (1V I 451) 700 1 $aSanti, Flavio,$etraduttore.$0(OLS)http://semarc/name/112730 700 1 $aZaccuri, Alessandro$b<1963- >,$eautore di prefazione.$0(OLS)http://semarc/name/91723 830 0$aDi monte in monte ;$v38.$0(OLS)http://semarc/title/432836 850 $aSeMil 852 $aSeMil$W1$xVenegono$y1$m1V I 451$j223467$B234650$CSeMilBibl$Z2$F234650 $81 941 1 $a8 961 $aFondo mons. Pasquale Macchi 996 $6020$a88-86593-89-9$9(OLS)http://semarc/number/291992 996 $6245$aVangelo secondo Giuda$9(OLS)http://semarc/title/432633 996 $6264$aVerbania :$bTararà$9(OLS)http://semarc/publisher/59455